书目信息 |
| 题名: |
雷达摄影测量
|
|
| 作者: | 顿斯科夫 , Досков 著 ;周广森 译 | |
| 分册: | ||
| 出版信息: | 北京 测绘出版社 1984 |
|
| 页数: | 269页 | |
| 开本: | 20cm | |
| 丛书名: | ||
| 单 册: | ||
| 中图分类: | P226.1 | |
| 科图分类: | ||
| 主题词: | 摄影测量法-雷达摄影 , 雷达摄影-摄影测量法 , 大地测量学 | |
| 电子资源: | ||
| ISBN: | ||
| 000 | 00808nam0 2200277 45 | |
| 001 | 0184001862 | |
| 005 | 20040520150914.4 | |
| 010 | @dCNY2.05 | |
| 100 | @a19951109d1984 em y0chiy0121 ea | |
| 101 | 1 | @achi@crus |
| 102 | @aCN@b110000 | |
| 105 | @ay z 000yy | |
| 106 | @ar | |
| 200 | 10 | @a雷达摄影测量@Alei da she ying ce liang@f(苏)顿斯科夫(Досков,Г.Н.)等著@g周广森译 |
| 210 | @a北京@c测绘出版社@d1984 | |
| 215 | @a269页@d20cm | |
| 606 | @a摄影测量法-雷达摄影 | |
| 606 | @a雷达摄影-摄影测量法 | |
| 606 | 0 | @a大地测量学 |
| 690 | @aP226.1 | |
| 701 | 1 | @a顿斯科夫@bГ.Н.@4著@Adun si ke fu |
| 701 | A1 | @aДосков@bГ.Н.@4著 |
| 702 | 0 | @a周广森@4译@Azhou guang sen |
| 801 | 0 | @aCN@b深圳图书馆@c20040520 |
| 801 | 2 | @aCN@bNLC@c20040520 |
| 905 | @f1@b125397@dP226.1@e25@b125398@f1 | |
| 雷达摄影测量/(苏)顿斯科夫(Досков,Г.Н.)等著/周广森译.-北京:测绘出版社,1984 |
| 269页;20cm |
| ISBN :CNY2.05 |
| ● |
| 相关链接 |
|
|
|
|
正题名:雷达摄影测量
索取号:P226.1/25
 
预约/预借
| 序号 | 登录号 | 条形码 | 馆藏地/架位号 | 状态 | 备注 |
| 1 | 0125397 | 000625639 | 第三借阅区/ [索取号:P226.1/25] | 在馆 | |
| 2 | 0125398 | 000625620 | 第三借阅区/ [索取号:P226.1/25] | 在馆 | |
| 3 | 0125399 | 202105890 | 第二样本阅览室/ [索取号:P226.1/25] | 在馆 |